Score 0/30 Timer 05:00
1 Play Today
.. .. % Correct
Family Guy
91.8%
Terminator
85.3%
I, Robot
81.9%
Transformers
72.7%
Godzilla
72.3%
The Simpsons
72.3%
X-Men
70.4%
Robot Chicken
60.8%
The Empire Strikes Back
56.7%
Wolverine
54%
Futurama
53.9%
South Park
53.7%
Robocop 2
53.1%
Alien
49.3%
The Matrix
48.7%
.. .. % Correct
Mighty Morphin Power Rangers
47.8%
Super Mario
44.4%
Archer
44.3%
Battlestar Galactica
42.8%
Blade Runner
42.1%
Teenage Mutant Ninja Turtles
40%
Iron Man 2
32.9%
Megaman
30.7%
Voltron
29.5%
Scooby Doo
28%
Portal
24.5%
G.I. Joe
22%
Halo
18.1%
Judge Dredd
16.4%
Buffy the Vampire Slayer
11.4%
Remove Ads.
Support Sporcle.
Get the best of Sporcle when you Go Orange. This ad-free experience offers more features, more stats, and more fun while also helping to support Sporcle. Thank you for becoming a member.

You're not logged in!

Compare scores with friends on all Sporcle quizzes.
OR
Log In

Show Comments

Extras

Top Quizzes Today


Score Distribution

Your Account Isn't Verified!

In order to create a playlist on Sporcle, you need to verify the email address you used during registration. Go to your Sporcle Settings to finish the process.

Report this User

Report this user for behavior that violates our Community Guidelines.

Details: